000 03275nab a2200253 i 4500
003 BR-BrBNA
005 20250327065828.0
008 250327b2016 bl.qr|pooa||| 00| 0 eng |
040 _aBR-BrBNA
_beng
072 _aF70
100 _aCavallari, Marcelo Mattos
100 _aToledo, Marcos Miranda
245 _aWhat is the name of the babassu? A note on the confusing use of scientific names for this important palm tree
500 _aPublicação on-line; 41 ref.; 1 table; Summaries (En, Pt)
520 _a Abstract Various scientific names are usually found for the babassu in current literature: mainly Orbignya phalerata and Attalea speciosa, but also O. speciosa and O. martiana, among others. This multiplicity of names leads to great confusion in the scientific community causing mistakes to be successively propagated. This note aims to clarify the problem, reviewing the species nomenclature history since the first description by Martius, in 1826, and reporting the successive name changes which occurred. Consequences of the lumping of four closely related genera, of recent phylogenetic studies and of the last changes in palm classification on the species nomenclature are also briefly discussed. In addition, searching results on scientific names at the main Plant Name Indexes are presented here. As a conclusion, we recommend the adoption of Attalea speciosa Mart ex. Spreng as the most suitable name for the babassu and highlight that a broad taxonomic review of the Attalea group is necessary. Key words: Attalea speciosa, Arecaceae, babassu, Orbignya phalerata, taxonomy. Resumo Na literatura científica atual são encontrados artigos que utilizam diferentes nomes científicos para o babaçu, principalmente Orbignya phalerata e Attalea speciosa, mas também O. speciosa, O. martiana, entre outros. Esta multiplicidade de nomes ocasiona uma grande confusão na comunidade científica que permite a propagação sucessiva de erros. Este artigo de opinião objetiva esclarecer aspectos deste problema, revisando a história da nomenclatura da espécie, desde a primeira descrição por Martius, em 1826, e evidenciando as sucessivas mudanças de nome que ocorreram. São também brevemente discutidas as consequências da fusão dos quatro gêneros relacionados, de recentes trabalhos de filogenia e das últimas mudanças em classificação de palmeiras para a nomenclatura da espécie. Adicionalmente, os resultados de buscas em Índices de Nomes de Plantas são apresentados. Como conclusão, recomendamos a adoção do nome Attalea speciosa Mart ex. Spreng como o mais adequado para o babaçu e frisamos a forte necessidade de uma ampla revisão taxonômica do grupo. Palavras-chave: Attalea speciosa, Arecaceae, babaçu, Orbignya phalerata, taxonomia.
650 _aARECACEAE
650 _aBABAÇU
650 _aORBIGNYA PHALERATA
650 _aTAXONOMIA
773 0 _0709
_9349362
_dRio de Janeiro-RJ Jardim Botanico do Rio de Janeiro 1935
_o2025-1881
_tRodriguésia (Brazil)
_x0370-6583; 2175-7860 on-line
_gv. 67(2) p. 533-538; (2016)
_wBR2025000330
856 _uhttps://www.scielo.br/j/rod/a/Jv39FtkDjXCHdb3NKpq8Rkt/?format=pdf&lang=en
942 _cANA
999 _c330685
_d330685